000 02474cam a22006374i 4500
003 PE-LiUPU
005 20250731170415.0
008 150623s1998 mx a r 000 0 spa d
020 _a9682452538
020 _a9789682452536
035 _a(Sirsi) i9789682452536
040 _aPE-LiUPU
_bspa
_cPE-LiUPU
_dPE-LiUPU
_erda
049 _aPRUA
082 0 4 _a153
_bA49D
_221
100 1 _aAmestoy de Sánchez, Margarita,
_eautor.
245 1 0 _aDesarrollo de habilidades del pensamiento :
_brazonamiento verbal y solución de problemas /
_cMargarita Amestoy de Sánchez.
264 1 _aMéxico :
_bTrillas,
_c1998.
300 _a356 páginas :
_bilustraciones ;
_c27 centímetros
336 _atext
_2rdacontent
337 _aunmediated
_2rdamedia
338 _avolume
_2rdacarrier
505 0 _aAseveraciones -- Argumentos -- Introducción a la solución de problemas y representación en una dimensión -- Representación en dos dimensiones -- Simulación -- Búsqueda exhaustiva -- Búsqueda de información implícita -- Representación abstracta mediante modelos matemáticos.
526 _aSEG68
526 _aSEG70
526 _aSEG69
526 _aSEG67
526 _aSEG43
526 _aP144
526 _aP143
526 _aP131
526 _aP122
526 _aP120
526 _aP117
526 _aP112
526 _aP110
526 _aP106
526 _aP101
526 _aP80
526 _aP59
526 _aP54
526 _aP35
526 _aP33
526 _aP30
541 _g001-026452;
650 0 4 _aCognición.
_91884
650 0 4 _aIntelecto.
650 0 4 _aProblemas
_xSolución.
942 _2ddc
_cBOOK
949 _a153 A49D
_wDEWEY
_c1
_i57328
_d2016-11-9
_e2016-11-9
_lCCODEBUL1
_mBUL
_n1
_p32.00
_r0
_sY
_tBOOK
_u2015-6-24
_xSALUD
_PP33
_0COMPRA
_o.STAFF. Colección Ciencias de la Salud
949 _a153 A49D
_wDEWEY
_c2
_i44341
_lDISCARD
_mBUL
_r0
_sY
_tBOOK
_u2015-6-24
_xEDUCACION
_zUNKNOWN
_0COMPRA
_o.STAFF. Colección General
994 _aC0
_bPEPRU
596 _a1
999 _a153 A49D
_wDEWEY
_c21221
_i57328
_d21221
_e2016-11-9
_f2021-11-3
_g5
_lCCODEBUL1
_mBUL
_n1
_p32.00
_r0
_sY
_tBOOK
_u2015-6-24
_xSALUD
_zP33
_0COMPRA
_o.STAFF. Colección Ciencias de la Salud
999 _a153 A49D
_wDEWEY
_c2
_i44341
_lDISCARD
_mBUL
_r0
_sY
_tBOOK
_u2015-6-24
_xEDUCACION
_zUNKNOWN
_0COMPRA
_o.STAFF. Colección General
980 _81
_gALBERTO SANCHEZ Responsable de Automatización